analysis of agricultural equipment and machinery utilization in kompong leav district prey veng province (សិក្សាវិភាគ ពីការប្រើប្រាស់ឧបករណ៍ និង ម៉ាស៊ីនកសិកម្ម នៅក្នុងស្រុកកំពង់លាវ ខេត្តព្រៃវែង) (Record no. 4212)

000 -LEADER
fixed length control field 00715nam a22001577a 4500
003 - CONTROL NUMBER IDENTIFIER
control field OSt
005 - DATE AND TIME OF LATEST TRANSACTION
control field 20151208104418.0
008 - FIXED-LENGTH DATA ELEMENTS--GENERAL INFORMATION
fixed length control field 151208b xxu||||| |||| 00| 0 eng d
040 ## - CATALOGING SOURCE
Transcribing agency RUA
082 ## - DEWEY DECIMAL CLASSIFICATION NUMBER
Classification number ATM SAY 2004 B193 Or.1
100 ## - MAIN ENTRY--PERSONAL NAME
9 (RLIN) 4521
Personal name SAY, TITH.
245 ## - TITLE STATEMENT
Title analysis of agricultural equipment and machinery utilization in kompong leav district prey veng province (សិក្សាវិភាគ ពីការប្រើប្រាស់ឧបករណ៍ និង ម៉ាស៊ីនកសិកម្ម នៅក្នុងស្រុកកំពង់លាវ ខេត្តព្រៃវែង)
260 ## - PUBLICATION, DISTRIBUTION, ETC. (IMPRINT)
Place of publication, distribution, etc. Phnom Pneh
Name of publisher, distributor, etc. RUA
Date of publication, distribution, etc. 2004
300 ## - PHYSICAL DESCRIPTION
Extent x, 47p.
Other physical details ill.
Dimensions 29cm.
942 ## - ADDED ENTRY ELEMENTS (KOHA)
Source of classification or shelving scheme
Koha item type ATM
Holdings
Price effective from Date last seen Permanent Location Not for loan Date acquired Source of classification or shelving scheme Koha item type Lost status Withdrawn status Total Renewals Date last checked out Total Checkouts Shelving location Damaged status Barcode Current Location Full call number
2015-12-082016-02-03Library Block B 2015-12-08 ATM  12016-01-111B193 RUA039297Library Block BATM SAY 2004 B193 Or.1
2015-12-082018-11-16Library Block B 2015-12-08 ATM  42018-10-244B193 RUA039237Library Block BATM SAY 2004 B193 Or.2
2015-12-082022-03-11Library Block B 2015-12-08 ATM   2022-02-284B193 RUA039271Library Block BATM SAY 2004 B193 Or.3
2016-02-042019-01-15Library Block B 2016-02-04 ATM   2018-12-311B193 RUA039149Library Block BATM SAY 2004 B193 Or.4
មជ្ឈមណ្ឌលឯការនៃសាកលវិទ្យាល័យភូមិន្ទកសិកម្មចំការដូង

Powered by Koha